| 000 | | | 03683nmc2a22000003x 450 |
| 001 | | | 45c331db-2f81-4825-8877-8f116acc2fef |
| 005 | | | 20210208201154.0 |
| 100 | ## | $a | 20190910l19071907k l0rusy0189 ca |
| 101 | 0# | $a | rus |
| 102 | ## | $a | RU |
| 200 | 1# | $a | Материалы по городской и уездной полиции, присланные центральными и местными учреждениями Министерства внутренних дел в комиссию для сведения |
| | $j | 1907 г. |
| 251 | ## | $c | Дело |
| 300 | ## | $a | Дело |
| 801 | #0 | $a | RU |
| | $b | РГИА |
| | $c | 20190910 |
| | $g | RCR |
| 801 | #1 | $a | RU |
| | $b | ГлавНИВЦ |
| | $c | 20190910 |
| | $2 | rusmarc |
| 801 | #2 | $a | RU |
| | $b | ПБ им. Б.Н. Ельцина |
| | $c | 20210208 |
| | $g | RCR |
| | $2 | rusmarc |
| 850 | ## | $a | РГИА |
| 852 | ## | $a | РГИА |
| | $e | Федеральное казенное учреждение "Российский государственный исторический архив" (РГИА) |
| | $j | 16 |
| 937 | ## | $h | РГИА |
| | $d | 12276665 |
| | $a | ASBIBLIO_SCAN |
| 462 | #0 | $1 | 0015a284c92-d972-4b50-8049-1fa3a40978ea |
| | $1 | 2001 |
| | $a | Комиссия по преобразованию полиции в Империи |
| | $1 | 251 |
| | $c | Опись |
| | $1 | 852 |
| | $j | 1 |
| 461 | #0 | $1 | 0015a5a24a6-d822-4bd4-8ffa-c8d3a722ed03 |
| | $1 | 2001 |
| | $a | Комиссия по преобразованию полиции в Империи |
| | $1 | 251 |
| | $c | Фонд |
| | $1 | 852 |
| | $j | 1217 |
| 215 | ## | $a | 427 л. |
| | $d | 36,5х26 см |
| 371 | ## | $a | Документ не является опубликованным и широко распространяемым |
| 105 | ## | $a | y### |
| 122 | 2# | $a | d |
| 035 | ## | $a | 45c331db-2f81-4825-8877-8f116acc2fef |
| 856 | ## | $u | http://readingroom.main.prlib.ru/item.aspx?id_node=n156378463&mode=full |